'S' Cartoon Characters by Picture Quiz Stats

 Plays Quiz Updated Feb 24, 2016

Challenge
Share
Tweet
Score 0/20 Timer 06:00
10 Plays Today
Column Character % Correct
SpongeBob SquarePants
98.9%
Shrek
98.4%
Scooby-Doo
98.3%
Superman
97.9%
Snow White
96.9%
Snoopy
94.9%
Sonic the Hedgehog
93.2%
Scar
87.9%
Sylvester Cat
87.4%
Stitch
85.8%
Column Character % Correct
Slinky Dog
81.1%
Strawberry Shortcake
79.9%
Scrooge McDuck
79.1%
Speedy Gonzales
76.1%
Smurfette
75.8%
Stimpy
62.4%
Shere Khan
51.6%
Syndrome
44.5%
Snagglepuss
32%
Spike
28.3%

You're not logged in!

Compare scores with friends on all Sporcle quizzes.
Join for Free
OR
Log In

You Might Also Like...

Show Comments

Extras

Top Quizzes Today


Score Distribution

Your Account Isn't Verified!

In order to create a playlist on Sporcle, you need to verify the email address you used during registration. Go to your Sporcle Settings to finish the process.

Report this User

Report this user for behavior that violates our Community Guidelines.

Details: